000 00386nab a22001097u 4500
008 130520b2002 xxu||||| |||| 00| 0 eng d
041 _aeng
100 1 _aNys, Herman
_947786
245 0 2 _aA comparative Analysis of the Law regarding Euthanasia in Belgium and the Natherlands
_cHerman Nys
773 0 _tEthical Perspectives
_gV.9, nº2-3,2002,págs. 73-85
_x1370-0049
_wRev202
942 _cAR
999 _c299615
_d299615